Southville International School and Colleges
Your cart is empty.
  • Cart
  • Lists
    Public lists list_1 View all
    Your lists Log in to create your own lists
  • Log in to your account
  • Your cookies
  • Search history
Southville International School and Colleges
  • Advanced search
  • Recent comments
  • Most popular
  • Libraries

Log in to your account

Log in with GOOGLE


If you do not have an external account, but do have a local account, you can still log in:

  1. Home
  2. MARC view: The old rules of marketing are dead :
Normal view MARC view ISBD view

The old rules of marketing are dead : (Record no. 298071)

[ view plain ]
MARC details
000 -LEADER
fixed length control field 00930cam a2200265 a 4500
001 - CONTROL NUMBER
control field 16543039
003 - CONTROL NUMBER IDENTIFIER
control field SISC
005 - DATE AND TIME OF LATEST TRANSACTION
control field 20170228094251.0
008 - FIXED-LENGTH DATA ELEMENTS--GENERAL INFORMATION
fixed length control field 101118s2011 nyu b 001 0 eng
010 ## - LIBRARY OF CONGRESS CONTROL NUMBER
LC control number 2010047468
020 ## - INTERNATIONAL STANDARD BOOK NUMBER
International Standard Book Number 9780071762557
040 ## - CATALOGING SOURCE
Original cataloging agency DLC
Transcribing agency DLC
050 00 - LIBRARY OF CONGRESS CALL NUMBER
Classification number HF 5415.1255
Item number .P43 2011
082 00 - DEWEY DECIMAL CLASSIFICATION NUMBER
Classification number 658.8/27
100 1# - MAIN ENTRY--PERSONAL NAME
Personal name Pearson, Timothy R.
245 14 - TITLE STATEMENT
Title The old rules of marketing are dead :
Remainder of title the 6 new rules for reinventing your brand & reigniting your business /
Statement of responsibility, etc Timothy R. Pearson.
260 ## - PUBLICATION, DISTRIBUTION, ETC. (IMPRINT)
Place of publication, distribution, etc New York :
Name of publisher, distributor, etc McGraw-Hill,
Date of publication, distribution, etc 2011.
300 ## - PHYSICAL DESCRIPTION
Extent xi, 240 pages ;
Dimensions 24 cm.
500 ## - GENERAL NOTE
General note Includes bibliographical references and index.
650 #0 - SUBJECT ADDED ENTRY--TOPICAL TERM
Topical term or geographic name as entry element Branding (Marketing).
650 #0 - SUBJECT ADDED ENTRY--TOPICAL TERM
Topical term or geographic name as entry element Customer relations.
906 ## - LOCAL DATA ELEMENT F, LDF (RLIN)
a 7
b cbc
c orignew
d 1
e ecip
f 20
g y-gencatlg
942 ## - ADDED ENTRY ELEMENTS (KOHA)
Source of classification or shelving scheme Library of Congress Classification
Koha item type Books
Holdings
Withdrawn status Lost status Source of classification or shelving scheme Damaged status Home library Current library Shelving location Date acquired Source of acquisition Total Checkouts Full call number Barcode Date last seen Price effective from Koha item type
    Library of Congress Classification   College Library College Library General Circulation Section 07/28/2016 Donation   HF 5415.1255 .P43 2011 C20647 05/15/2018 07/28/2016 Books

The old rules of marketing are dead :

APA

Pearson T. R., . (2011). The old rules of marketing are dead. New York: McGraw-Hill.

Chicago

Pearson Timothy R, . 2011. The old rules of marketing are dead. New York: McGraw-Hill.

Harvard

Pearson T. R., . (2011). The old rules of marketing are dead. New York: McGraw-Hill.

MLA

Pearson Timothy R, . The old rules of marketing are dead. New York: McGraw-Hill. 2011.

  • Place hold
  • Print
  • Cite
  • Add to your cart (remove)
  • Save record
    BIBTEX Dublin Core MARCXML MARC (non-Unicode/MARC-8) MARC (Unicode/UTF-8) MARC (Unicode/UTF-8, Standard) MODS (XML) RIS
  • More searches
    Search for this title in:
    Other Libraries (WorldCat) Other Databases (Google Scholar) Online Stores (Bookfinder.com) Open Library (openlibrary.org)

Exporting to Dublin Core...

SOUTHVILLE LIBRARY

Southville International School and Colleges Library

1281 Tropical Ave. Cor. Luxembourg St., BF Homes International, Las Pinas City

Tel. No. 8256374 / 252358 Loc. 117/146

Powered by Koha